000 00898nam a2200229Ia 4500
003 PE SENCICO BE
005 20251020182433.0
008 200515s9999 xx 000 0 und d
040 _aPE SENCICO BE
_cPE SENCICO BE
041 _aspa
082 _a370.7
_bP62
100 1 _aPiscoya Hermoza, Luis
_92675
_eautor
245 1 0 _aInvestigación educacional /
_cLuis Piscoya Hermoza
250 _a2a ed.
260 _aLima :
_bInide ;
_c1978
300 _a141 p. :
_bil., graf. ;
_c20 cm.
505 0 _aUbicación y caracterización de la investigación educacional -- El proceso de la investigación educacional -- Formulación y contrastación de hipótesis en la investigación educacional -- La encuesta -- Redacción del informe
650 1 0 _aEducación
_92279
650 2 0 _aMetodología de la investigación
_9260
710 1 _92677
_aPerú.
_bMinisterio de Educación
942 _cLIB
_2ddc
999 _c308
_d308